000 00799nas a2200265 4500
001 BR8306316
003 BR-BrBNA
005 20231205085721.0
007 ta
008 230509b bl.|||p| |||| 00| 00por d
040 _aBR-BrBNA
_bpor
_cBiblioteca Nacional de Agricultura
041 _a(Pt)
072 _aF02
100 1 _aPadua, T. de
245 1 _aPropagacao das arvores frutiferas
650 _aREPRODUCAO VEGETAL
650 _aARVORE FRUTIFERA
650 _aREPRODUCAO SEXUADA
650 _aSEMENTE
650 _aREPRODUCAO ASSEXUADA
650 _aESTACA
773 0 _tInforme Agropecuario - Empresa de Pesquisa Agropecuaria de Minas Gerais (Brazil)
_xISSN 0100-3364
_g(May 1983), v. 9(101) p. 11-19
_wBR8306316
909 _a202311
_bLúcia
_c55
_dLúcia Elande
942 _2AGRIS
_n0
_cANA
999 _c113315
_d113315